<?xml version="1.0" encoding="UTF-8"?>
<collection xmlns="http://www.loc.gov/MARC21/slim">
 <record>
  <leader>00591pamaa2200181   4500</leader>
  <controlfield tag="001">0000029964</controlfield>
  <controlfield tag="005">20091012090000.0</controlfield>
  <datafield tag="020" ind1="0" ind2="0">
   <subfield code="a">0130290408 </subfield>
  </datafield>
  <datafield tag="082" ind1=" " ind2=" ">
   <subfield code="a">005.117 LEE</subfield>
  </datafield>
  <datafield tag="090" ind1="0" ind2="0">
   <subfield code="a">QA76.64 </subfield>
   <subfield code="b">LEE 2001</subfield>
  </datafield>
  <datafield tag="100" ind1="1" ind2="0">
   <subfield code="a">LEE </subfield>
  </datafield>
  <datafield tag="245" ind1="1" ind2="0">
   <subfield code="a">UML and C++ : </subfield>
   <subfield code="b">a practical guide to object-oriented development  </subfield>
   <subfield code="c">Richard C. Lee and William M. Tepfenhart.</subfield>
  </datafield>
  <datafield tag="250" ind1="0" ind2="0">
   <subfield code="a">2nd ed.</subfield>
  </datafield>
  <datafield tag="260" ind1="0" ind2="0">
   <subfield code="a">New Jersey: </subfield>
   <subfield code="b">Prentice Hall, </subfield>
   <subfield code="c">2001.</subfield>
  </datafield>
  <datafield tag="300" ind1=" " ind2=" ">
   <subfield code="a">xxxiii, 557p.; </subfield>
   <subfield code="c">24cm.</subfield>
  </datafield>
  <datafield tag="650" ind1="0" ind2="0">
   <subfield code="a">Object-oriented programming (Computer  science) </subfield>
  </datafield>
  <datafield tag="650" ind1="0" ind2="0">
   <subfield code="a">Computer software -- </subfield>
   <subfield code="x">Development </subfield>
  </datafield>
  <datafield tag="700" ind1="1" ind2="1">
   <subfield code="a">Tepfenhart, </subfield>
   <subfield code="h">William M. </subfield>
  </datafield>
 </record>
</collection>
